<?xml version="1.0" encoding="UTF-8"?>
<record
    xmlns:xsi="http://www.w3.org/2001/XMLSchema-instance"
    xsi:schemaLocation="http://www.loc.gov/MARC21/slim http://www.loc.gov/standards/marcxml/schema/MARC21slim.xsd"
    xmlns="http://www.loc.gov/MARC21/slim">

  <leader>02053njm a2200373Ia 4500</leader>
  <controlfield tag="001">73842</controlfield>
  <controlfield tag="003">IT-RoPAU</controlfield>
  <controlfield tag="005">20220918181125.0</controlfield>
  <controlfield tag="008">131025s9999    xx            000 0 und d</controlfield>
  <datafield tag="040" ind1=" " ind2=" ">
    <subfield code="a">IT-RoPAU</subfield>
  </datafield>
  <datafield tag="040" ind1=" " ind2=" ">
    <subfield code="c">IT-RoPAU</subfield>
  </datafield>
  <datafield tag="041" ind1=" " ind2=" ">
    <subfield code="a">INGLESE</subfield>
  </datafield>
  <datafield tag="999" ind1=" " ind2=" ">
    <subfield code="c">100101</subfield>
    <subfield code="d">100101</subfield>
  </datafield>
  <datafield tag="999" ind1=" " ind2=" ">
    <subfield code="b">n.d.</subfield>
  </datafield>
  <datafield tag="100" ind1=" " ind2=" ">
    <subfield code="a">AA.VV.</subfield>
    <subfield code="9">794</subfield>
  </datafield>
  <datafield tag="100" ind1=" " ind2=" ">
    <subfield code="e">Autore musica</subfield>
    <subfield code="9">25237</subfield>
  </datafield>
  <datafield tag="100" ind1=" " ind2=" ">
    <subfield code="g">Codice autore musica SPICS: 12000</subfield>
    <subfield code="9">796</subfield>
  </datafield>
  <datafield tag="245" ind1=" " ind2=" ">
    <subfield code="a">Snack Bar Budapest (Original Movie Soundtrack)-Lp 837-551</subfield>
  </datafield>
  <datafield tag="250" ind1=" " ind2=" ">
    <subfield code="a">1a ed.</subfield>
  </datafield>
  <datafield tag="260" ind1=" " ind2=" ">
    <subfield code="a">ITALIA</subfield>
  </datafield>
  <datafield tag="260" ind1=" " ind2=" ">
    <subfield code="b">POLYGRAM</subfield>
    <subfield code="c">1988 [1a Ed.:1988 - Ed. Lingua Orig.: 1988]</subfield>
  </datafield>
  <datafield tag="300" ind1=" " ind2=" ">
    <subfield code="a">DISCO</subfield>
  </datafield>
  <datafield tag="300" ind1=" " ind2=" ">
    <subfield code="c">39 minuti (Testo: 0 pag.)</subfield>
  </datafield>
  <datafield tag="500" ind1=" " ind2=" ">
    <subfield code="a">Colonna sonora del Film di Tinto Brass "Snack Bar Budapest" con Giancarlo Giannini</subfield>
  </datafield>
  <datafield tag="505" ind1=" " ind2=" ">
    <subfield code="a">Sei di mattino (5:00) - Secrets Pt. 2 (4:00) - When I Lied (5:00) - Sei di mattino [(strumentale) (5:00)] - When You Cried (6:00) - One Dream (8:00) - My Baby Just Cares For Me (4:00) - Blue Notes (9:00) - Dune Mosse [(strumentale) (6:00)] - Memory (2:00) - Giannini's Theme (2:00) - Something Strong (5:00) - Secrets Pt. 1 (7:00) - One Wish (3:00)</subfield>
  </datafield>
  <datafield tag="650" ind1=" " ind2=" ">
    <subfield code="a">COLONNA SONORA [DISCHI]</subfield>
    <subfield code="e">Codice MATERIA SPICS: 9950</subfield>
    <subfield code="9">25238</subfield>
  </datafield>
  <datafield tag="700" ind1=" " ind2=" ">
    <subfield code="a">Fornaciari Zucchero</subfield>
    <subfield code="g">Codice interprete SPICS: 10901</subfield>
    <subfield code="e">Interprete</subfield>
    <subfield code="9">25239</subfield>
  </datafield>
  <datafield tag="700" ind1=" " ind2=" ">
    <subfield code="a">Fornaciari Zucchero</subfield>
    <subfield code="g">Codice autore musica SPICS: 10901</subfield>
    <subfield code="e">Autore musica</subfield>
    <subfield code="p">Sei di mattino - One Dream - Blue Notes - Dune Mosse - Something Strong - One Wish</subfield>
    <subfield code="9">25240</subfield>
  </datafield>
  <datafield tag="700" ind1=" " ind2=" ">
    <subfield code="a">Paoli Gino</subfield>
    <subfield code="g">Codice autore SPICS: 11057</subfield>
    <subfield code="e">Autore</subfield>
    <subfield code="p">Sei di mattino</subfield>
    <subfield code="9">25241</subfield>
  </datafield>
  <datafield tag="700" ind1=" " ind2=" ">
    <subfield code="a">Sancious David</subfield>
    <subfield code="g">Codice autore musica SPICS: 25653</subfield>
    <subfield code="e">Autore musica</subfield>
    <subfield code="p">Secrets Pt. 2 - When I Lied - When You Cried - Memory - Giannini's Theme - Secrets Pt.1 - Something Strong</subfield>
    <subfield code="9">25242</subfield>
  </datafield>
  <datafield tag="700" ind1=" " ind2=" ">
    <subfield code="a">Kahn Gus</subfield>
    <subfield code="g">Codice autore musica SPICS: 25654</subfield>
    <subfield code="e">Autore musica</subfield>
    <subfield code="p">My Baby Just Cares For Me</subfield>
    <subfield code="9">25243</subfield>
  </datafield>
  <datafield tag="700" ind1=" " ind2=" ">
    <subfield code="a">Donaldson Walter</subfield>
    <subfield code="g">Codice autore SPICS: 25671</subfield>
    <subfield code="e">Autore</subfield>
    <subfield code="p">My Baby Just Cares For Me</subfield>
    <subfield code="9">25244</subfield>
  </datafield>
  <datafield tag="700" ind1=" " ind2=" ">
    <subfield code="a">Figli&#xE8; Marco</subfield>
    <subfield code="g">Codice autore SPICS: 21780</subfield>
    <subfield code="e">Autore</subfield>
    <subfield code="p">Dune Mosse</subfield>
    <subfield code="9">25245</subfield>
  </datafield>
  <datafield tag="942" ind1=" " ind2=" ">
    <subfield code="c">MD</subfield>
    <subfield code="2">ddc</subfield>
  </datafield>
  <datafield tag="952" ind1=" " ind2=" ">
    <subfield code="0">0</subfield>
    <subfield code="1">0</subfield>
    <subfield code="4">0</subfield>
    <subfield code="6">73842_000000000000000</subfield>
    <subfield code="7">1</subfield>
    <subfield code="a">SPICS</subfield>
    <subfield code="b">SPICS</subfield>
    <subfield code="d">2013-10-25</subfield>
    <subfield code="l">0</subfield>
    <subfield code="o">73842</subfield>
    <subfield code="r">2013-10-25 00:00:00</subfield>
    <subfield code="w">2013-10-25</subfield>
    <subfield code="y">MD</subfield>
    <subfield code="z">Progr. Ins.: 17895 / N.Vol.: 1 / Copie: 1 - Copia rara: n.d. / date import: 01.01.2014 - By Epidotti, Trombetti, Vaglietti</subfield>
  </datafield>
</record>
